000 00318nam a22001217a 4500
040 _cNUST
082 _a954 AZI
100 _aBharani, Aziz
_9114451
245 _aBharat Mein Musalmano ka Katle Aam
260 _aLahore:
_bAsif Javed,
_c2005.
650 _aBharat Mein Musalmano ka Katle Aam
_9114452
942 _2ddc
_cBK
999 _c595767
_d595767